Βορειότερες Χώρες ανά Ήπειρο - Statistics

General Stats
  • This quiz has been taken 16 times
  • The average score is 24 of 29
Answer Stats
Ήπειρο Γεωγραφικό
Μήκος
Χώρα % Correct
Αφρική 31.60 °N Αίγυπτος
100%
Ασία 81.85 °N Ρωσία
100%
Ευρώπη 81.85 °N Ρωσία
100%
Ευρώπη 70.08 °N Φινλανδία
100%
Ευρώπη 69.07 °N Σουηδία
100%
Ευρώπη 67.13 °N Ισλανδία
100%
Βόρεια Αμερική 83.10 °N Καναδάς
100%
Βόρεια Αμερική 71.38 °N Ηνωμένες Πολιτείες
100%
Αφρική 37.35 °N Τυνησία
92%
Αφρική 37.08 °N Αλγερία
92%
Αφρική 35.92 °N Μαρόκο
92%
Αφρική 33.17 °N Λιβύη
92%
Ασία 55.10 °N Καζακστάν
92%
Ασία 52.15 °N Μογγολία
92%
Ευρώπη 80.82 °N Νορβηγία
92%
Βόρεια Αμερική 32.72 °N Μεξικό
92%
Νότια Αμερική 15.83 °N Κολομβία
92%
Βόρεια Αμερική 23.27 °N Κούβα
83%
Νότια Αμερική 8.40 °N Γουιάνα
83%
Ασία 53.57 °N Κίνα
75%
Ωκεανία 14.53 °N Νήσοι Μάρσαλ
75%
Ωκεανία 2.05 °N Κιριμπάτι
75%
Ωκεανία 0.50 °S Ναουρού
75%
Νότια Αμερική 15.67 °N Βενεζουέλα
75%
Νότια Αμερική 6.02 °N Σουρινάμ
75%
Βόρεια Αμερική 27.27 °N Μπαχάμες
50%
Ωκεανία 10.08 °N Ο. Π. Μικρονησίας
50%
Ωκεανία 8.17 °N Παλάου
50%
Ασία 45.60 °N Ουζμπεκιστάν
42%
No matching quizzes found
Score Distribution
Percent of People with Each Score
Percentile by Number Answered
Your Score History
You have not taken this quiz